=LDR 00000nam 2200000 4500 =001 INLIS000000000019199 =005 20130612114307 =008 ***********************************Ind** =035 ##$$0010-061300000019199 =041 ##$$a Ind =082 ##$$a 2x3 =090 ##$$a 2x3, Ma'a m =100 ##$$a Ma'asy, Abdurrazzak =245 ##$$a Mengumpat kebodohan, Abdurrazzak Ma'asy ; penerjemah, Asep Saifullah FM, Kamaluddin Sa'diyaatul Haramain =260 ##$$a 1996 $b Jakarta =300 ##$$a 213 hlm, 23 cm =650 ##$$a Aqidah =850 ##$$a NBPNMAT